Paises que empiezan por la E - Estadísticas

Estadísticas generales
  • Esta prueba ha sido intentada 202 veces
  • La puntuación promedio es 11 de 12
Estadísticas de respuestas
Hint Respuesta % Correcto
América del Sur Ecuador
97%
Europa Eslovaquia
97%
Europa Eslovenia
97%
Europa España
97%
Europa Estonia
95%
América del Norte Estados Unidos de América
90%
África Eritrea
89%
América del Norte El Salvador
88%
África Etiopía
88%
África Egipto
82%
Asia Emiratos Árabes Unidos
82%
África Esuatini
70%
No se encontraron pruebas coincidentes
Distribución de puntuación
Porcentaje de gente con cada puntuación
Porcentaje por número respondido
Historial de tus puntuaciones
No has intentado esta prueba.